Dog Breed Quiz - Statistics

General Stats
  • This quiz has been taken 16 times
  • The average score is 16 of 36
Answer Stats
Picture Answer % Correct
Siberian Husky
80%
Boxer
73%
French Bulldog
73%
Labrador Retriever
73%
Poodle
73%
Pembroke Welsh Corgi
67%
Pit Bull Terrier
67%
Saint Bernard
67%
Yorkshire Terrier
67%
Basset Hound
60%
Border Collie
60%
Bernese Mountain Dog
53%
Dachshund
53%
Golden Retriever
53%
Whippet
53%
English Bulldog
47%
Irish Setter
47%
Shar Pei
47%
Airedale Terrier
40%
Alaskan Malamute
40%
Chihauhua
40%
Maltese
40%
Shih Tzu
40%
Miniature Schnauzer
33%
Australian Shepherd
27%
Boston Terrier
27%
Irish Terrier
27%
Malinois
27%
N.S. Duck Tolling Retriever
27%
Bloodhound
20%
Coonhound
20%
Viszla
20%
Australian Cattle Dog
13%
Cane Corso
13%
American Bully
7%
Scottish Terrier
7%
No matching quizzes found
Score Distribution
Percent of People with Each Score
Percentile by Number Answered
Your Score History
You have not taken this quiz